Những tuyệt kỹ trong Photoshop 7
Uloženo v:
| Médium: | Kniha |
|---|---|
| Jazyk: | Undetermined |
| Vydáno: |
H.
Thống Kê
2003
|
| Témata: | |
| Tagy: |
Přidat tag
Žádné tagy, Buďte první, kdo otaguje tento záznam!
|
| Thư viện lưu trữ: | Trung tâm Học liệu Trường Đại học Cần Thơ |
|---|
| LEADER | 00519nam a2200181Ia 4500 | ||
|---|---|---|---|
| 001 | CTU_58268 | ||
| 008 | 210402s9999 xx 000 0 und d | ||
| 082 | |a 006.68 | ||
| 082 | |b Nh556 | ||
| 245 | 0 | |a Những tuyệt kỹ trong Photoshop 7 | |
| 245 | 0 | |c VN-Guide biên dịch | |
| 260 | |a H. | ||
| 260 | |b Thống Kê | ||
| 260 | |c 2003 | ||
| 650 | |a computer graphics,photoshop ( computer programs ) | ||
| 650 | |x computer programs | ||
| 904 | |i Minh | ||
| 980 | |a Trung tâm Học liệu Trường Đại học Cần Thơ | ||